000 00630nam a2200193Ia 4500
003 GCL
005 20240530103140.0
008 140319s9999 xx 000 0 ara d
040 _aGCL /
_cGCL
082 0 4 _a810.9
_bع ق
110 0 _aمؤسسة عيبال
245 1 0 _aالعقلانية الديمقراطية الحداثة /
_cمؤسسة عيبال
260 _a[S.N] :
_bمؤسسة عيبال للدراسات والنشر
300 _a500 ص ؛
_c26سم
490 _aقضايا وشهادات
_v0
650 0 4 _aالادب العربى
650 0 4 _aالادب العربى - تاريخ ونقد
942 _2ddc
_cBK
999 _c37170
_d37170